000
00408nam a2200145Ia 4500
008
090124s9999 xx 000 0 und d
082
_b
302360
245
_a
आसवांची पालखी
250
_a
1
260
_b
राजे शैलजा
_c
1990
300
_a
174
630
_a
आसवांची पालखी
730
_a
आसवांची पालखी
942
_c
BOOK
999
_c
191997
_d
191997